<?xml version="1.0" encoding="UTF-8"?>
<record
    xmlns:xsi="http://www.w3.org/2001/XMLSchema-instance"
    xsi:schemaLocation="http://www.loc.gov/MARC21/slim http://www.loc.gov/standards/marcxml/schema/MARC21slim.xsd"
    xmlns="http://www.loc.gov/MARC21/slim">

  <leader>02868nam a2200349 i 4500</leader>
  <controlfield tag="003">DO-SdBNP</controlfield>
  <controlfield tag="005">20250213073020.0</controlfield>
  <controlfield tag="007">ta</controlfield>
  <controlfield tag="008">221124e2012    dr ||||gr|||| 001 j spa d</controlfield>
  <datafield tag="020" ind1=" " ind2=" ">
    <subfield code="a">9789945488067</subfield>
  </datafield>
  <datafield tag="040" ind1=" " ind2=" ">
    <subfield code="a">DO-SdBNP</subfield>
    <subfield code="b">spa</subfield>
    <subfield code="c">BNPHU</subfield>
    <subfield code="e">rda</subfield>
  </datafield>
  <datafield tag="041" ind1=" " ind2=" ">
    <subfield code="h">spa</subfield>
  </datafield>
  <datafield tag="082" ind1=" " ind2="4">
    <subfield code="a">xx</subfield>
    <subfield code="b">F465f</subfield>
    <subfield code="2">22</subfield>
  </datafield>
  <datafield tag="245" ind1=" " ind2=" ">
    <subfield code="a">El fondo de iceberg. /</subfield>
    <subfield code="c">&#xC1;ngeles de Fierro; Editor, Fernando Berroa, Vicente Arturo Pichardo y Valent&#xED;n Amaro</subfield>
  </datafield>
  <datafield tag="264" ind1=" " ind2=" ">
    <subfield code="a">Santo Domingo :</subfield>
    <subfield code="b">Tinta de Taller,</subfield>
    <subfield code="c">2012</subfield>
  </datafield>
  <datafield tag="300" ind1=" " ind2=" ">
    <subfield code="a">184 p&#xE1;ginas ;</subfield>
    <subfield code="c">23 cm.</subfield>
  </datafield>
  <datafield tag="336" ind1=" " ind2=" ">
    <subfield code="a">rdacontent</subfield>
    <subfield code="b">texto</subfield>
    <subfield code="2">txt</subfield>
  </datafield>
  <datafield tag="337" ind1=" " ind2=" ">
    <subfield code="a">rdamedia</subfield>
    <subfield code="b">sin mediaci&#xF3;n</subfield>
    <subfield code="2">n</subfield>
  </datafield>
  <datafield tag="338" ind1=" " ind2=" ">
    <subfield code="a">rdacarrier</subfield>
    <subfield code="b">volumen</subfield>
    <subfield code="2">nc</subfield>
  </datafield>
  <datafield tag="500" ind1=" " ind2=" ">
    <subfield code="a">Taller Literario Narradores de Santo Domingo.</subfield>
  </datafield>
  <datafield tag="505" ind1=" " ind2=" ">
    <subfield code="a">Presntaci&#xF3;n.</subfield>
    <subfield code="t">Tito Suero Portorreal. /</subfield>
    <subfield code="r">La loca del basurero.--</subfield>
    <subfield code="r">Lady Laura Liriano Baldy. /</subfield>
    <subfield code="t">F&#xE9;lix Cuarenta.--</subfield>
    <subfield code="r">Fernando Berroa. /</subfield>
    <subfield code="t">El Atentado.--</subfield>
    <subfield code="r">Deisy Toussaint. /</subfield>
    <subfield code="t">La Carta.--</subfield>
    <subfield code="r">Gladys Almonte. /</subfield>
    <subfield code="t">En mi casa no se pierde nada.--</subfield>
    <subfield code="r">Vicente Arturo Pichardo. /</subfield>
    <subfield code="t">El escape.--</subfield>
    <subfield code="r">Raisa Pimentel. /</subfield>
    <subfield code="r">Confesi&#xF3;n.--</subfield>
    <subfield code="t">H&#xE9;ctor Santana. /</subfield>
    <subfield code="r">No habr&#xE1; m&#xE1;s sol el resto del d&#xED;a.--</subfield>
    <subfield code="t">Fragmentos de Muralla.-- De navegar profundo. /</subfield>
    <subfield code="r">Nieves Lidia Emerito Rond&#xF3;n.-- </subfield>
    <subfield code="t">Ricardo Rafael Cabrera N&#xFA;&#xF1;ez. /</subfield>
    <subfield code="r">Mester Policiales.--</subfield>
    <subfield code="r">Adalberto Morillo Pichardo. /</subfield>
    <subfield code="t">La candidata.--</subfield>
    <subfield code="r">Rodolfo B&#xE1;ez. /</subfield>
    <subfield code="t">El regreso.--</subfield>
    <subfield code="r">Francis Santana. /</subfield>
    <subfield code="t">Una noche m&#xE1;s en navidad.- Quinta composici&#xF3;n.--</subfield>
    <subfield code="r">Katia San Mill&#xE1;n. /</subfield>
    <subfield code="t">La mecedorita de madera.--</subfield>
    <subfield code="r">Iv&#xE1;n Payano Tejada. /</subfield>
    <subfield code="t">La sangre es m&#xE1;s espesa que el agua.--</subfield>
    <subfield code="r">Valent&#xED;n Amaro. /</subfield>
    <subfield code="t">El delivery.--</subfield>
    <subfield code="r">Salvador P&#xE9;rez Ad&#xF3;n. /</subfield>
    <subfield code="t">Cara o cruz.--</subfield>
    <subfield code="r">Carlos A. Mej&#xED;a</subfield>
    <subfield code="t">S&#xE1;bado por la noche que promete.--</subfield>
    <subfield code="r">Emmanuel Pe&#xF1;a. /</subfield>
    <subfield code="t">Costilla.--</subfield>
    <subfield code="t">In&#xE9;s M. Garc&#xED;a P&#xE9;rez.--</subfield>
    <subfield code="r">La llegada del silencio.--</subfield>
  </datafield>
  <datafield tag="505" ind1=" " ind2=" ">
    <subfield code="r">Luz Marina Cort&#xE1;zar. /</subfield>
    <subfield code="t">Un lunes en la noche.--</subfield>
    <subfield code="r">Niurca Violeidy Herrera Mej&#xED;a. /</subfield>
    <subfield code="t">El primer novio consentido.--</subfield>
    <subfield code="r">Yuniris Ram&#xED;rez. /</subfield>
    <subfield code="t">Los ginec&#xF3;logos.--</subfield>
    <subfield code="r">Miguel &#xC1;ngel Beltr&#xE9; Morillo. /</subfield>
    <subfield code="t">La vendetta.--</subfield>
    <subfield code="r">Aracelis Mireles. /</subfield>
    <subfield code="t">Presagio.---</subfield>
    <subfield code="r">Jes&#xFA;s Alcedo S&#xE1;nchez Barrientos. /</subfield>
    <subfield code="t">La esposa violada.--</subfield>
    <subfield code="r">Isabel Lora. /</subfield>
    <subfield code="t">La del segundo.--</subfield>
    <subfield code="r">Fl&#xE9;rida Gonz&#xE1;lez Mota. /</subfield>
    <subfield code="t">A&#xF1;oranzas en el tiempo.--</subfield>
    <subfield code="r">Pierre Humeau. /</subfield>
    <subfield code="t">Un di&#xE1;logo existencial.--</subfield>
    <subfield code="r">Margarita Rosa Cid Mansur. /</subfield>
    <subfield code="t">Un d&#xED;a taggediando.--</subfield>
    <subfield code="r">Alaiska Cuevas. /</subfield>
    <subfield code="t">Furia y la ronchera.--</subfield>
    <subfield code="r">Mildred Alt. Rodr&#xED;guez Ortiz.--</subfield>
    <subfield code="t">&#xBF;Se hace o se nace?.--</subfield>
    <subfield code="r">Jos&#xE9; Alberto Beltr&#xE1;n. /</subfield>
    <subfield code="t">El puente.--</subfield>
    <subfield code="r">Lusmerlin Lantigua. /</subfield>
    <subfield code="t">La m&#xE1;scara de la muerte.</subfield>
  </datafield>
  <datafield tag="590" ind1=" " ind2=" ">
    <subfield code="a">Inventariado 2022 / MF</subfield>
  </datafield>
  <datafield tag="650" ind1=" " ind2="4">
    <subfield code="9">78503</subfield>
    <subfield code="a">Literatura </subfield>
    <subfield code="z">Rep&#xFA;blica Dominicana</subfield>
  </datafield>
  <datafield tag="650" ind1=" " ind2="4">
    <subfield code="9">22864</subfield>
    <subfield code="a">Autores en Literatura</subfield>
    <subfield code="x">Narrativa</subfield>
    <subfield code="z">Rep&#xFA;blica Dominicana</subfield>
  </datafield>
  <datafield tag="650" ind1=" " ind2="4">
    <subfield code="9">23011</subfield>
    <subfield code="a">Arte y Literatura</subfield>
    <subfield code="v">Novela</subfield>
    <subfield code="x">Narrativa</subfield>
    <subfield code="y">Siglo XXI</subfield>
    <subfield code="z">Rep&#xFA;blica Dominicana</subfield>
  </datafield>
  <datafield tag="700" ind1="1" ind2=" ">
    <subfield code="9">43136</subfield>
    <subfield code="a">Berroa, Fernando</subfield>
  </datafield>
  <datafield tag="700" ind1="1" ind2=" ">
    <subfield code="9">43132</subfield>
    <subfield code="a">Pichardo, Vicente Arturo</subfield>
  </datafield>
  <datafield tag="700" ind1="1" ind2=" ">
    <subfield code="9">12295</subfield>
    <subfield code="a">Amaro, Valent&#xED;n</subfield>
  </datafield>
  <datafield tag="910" ind1=" " ind2=" ">
    <subfield code="a">MFeliz</subfield>
  </datafield>
  <datafield tag="942" ind1=" " ind2=" ">
    <subfield code="2">ddc</subfield>
    <subfield code="c">LBS1</subfield>
  </datafield>
  <datafield tag="952" ind1=" " ind2=" ">
    <subfield code="0">0</subfield>
    <subfield code="1">0</subfield>
    <subfield code="2">ddc</subfield>
    <subfield code="5">1</subfield>
    <subfield code="7">0</subfield>
    <subfield code="8">PD</subfield>
    <subfield code="a">BNPHU</subfield>
    <subfield code="b">BNPHU</subfield>
    <subfield code="c">CT</subfield>
    <subfield code="d">2022-02-09</subfield>
    <subfield code="e">Donado por V&#xED;ctor Hugo</subfield>
    <subfield code="l">0</subfield>
    <subfield code="o">F465f</subfield>
    <subfield code="p">2022-5606</subfield>
    <subfield code="r">2022-11-24</subfield>
    <subfield code="w">2022-11-24</subfield>
    <subfield code="y">LBS1</subfield>
    <subfield code="z">V&#xED;ctor Hugo</subfield>
  </datafield>
  <datafield tag="952" ind1=" " ind2=" ">
    <subfield code="0">0</subfield>
    <subfield code="1">0</subfield>
    <subfield code="2">ddc</subfield>
    <subfield code="5">1</subfield>
    <subfield code="7">0</subfield>
    <subfield code="8">PD</subfield>
    <subfield code="a">BNPHU</subfield>
    <subfield code="b">BNPHU</subfield>
    <subfield code="c">CT</subfield>
    <subfield code="d">2025-02-13</subfield>
    <subfield code="e">Donado por la Presidencia de la Rep&#xFA;blica Dominicana 2023</subfield>
    <subfield code="l">0</subfield>
    <subfield code="o">BNPHU PD F465f</subfield>
    <subfield code="p">2025-0976</subfield>
    <subfield code="r">2025-02-13</subfield>
    <subfield code="t">e.2</subfield>
    <subfield code="w">2025-02-13</subfield>
    <subfield code="y">LBS1</subfield>
    <subfield code="z">Pertenecio a la biblioteca personal de Ren&#xE9; Rodr&#xED;guez Soriano</subfield>
  </datafield>
  <datafield tag="952" ind1=" " ind2=" ">
    <subfield code="0">0</subfield>
    <subfield code="1">0</subfield>
    <subfield code="2">ddc</subfield>
    <subfield code="5">6</subfield>
    <subfield code="7">0</subfield>
    <subfield code="8">DS</subfield>
    <subfield code="a">BNPHU</subfield>
    <subfield code="b">BNPHU</subfield>
    <subfield code="c">CT</subfield>
    <subfield code="d">2026-01-15</subfield>
    <subfield code="e">donaci&#xF3;n</subfield>
    <subfield code="l">0</subfield>
    <subfield code="o">BNPHU DS F465f</subfield>
    <subfield code="p">2026-0056</subfield>
    <subfield code="r">2026-01-15</subfield>
    <subfield code="t">e.3</subfield>
    <subfield code="w">2026-01-15</subfield>
    <subfield code="y">LBS1</subfield>
    <subfield code="z">Isaolyn Mieses</subfield>
  </datafield>
  <datafield tag="999" ind1=" " ind2=" ">
    <subfield code="c">52996</subfield>
    <subfield code="d">52996</subfield>
  </datafield>
</record>
